Rostliny pro zdravý život /

Hlavní autor: Valíček, Pavel, 1939-2023
Jazyk: Čeština
Vydáno: Benešov : Start, 2014
Vydání: 2., upr. vyd.
Témata:
Fyzický popis: 230 s. : il. (některé barev.) ; 22 cm
Knihy
Uloženo v:
LEADER 01291nam a2200385 a 4500
001 nkc20142595388
003 CZ PrNK
005 20140723133815.0
007 ta
008 140613s2014 xr a e f 001 0 cze
015 |a cnb002595388 
020 |a 978-80-86231-60-0  |q (váz.) 
035 |a (OCoLC)886605646 
040 |a BOA001  |b cze 
072 7 |a 615.8  |x Fyzioterapie. Psychoterapie. Alternativní lékařství  |2 Konspekt  |9 14 
080 |a 633.88  |2 MRF 
080 |a 615.89:633.88  |2 MRF 
080 |a (035)  |2 MRF 
100 1 |a Valíček, Pavel,  |d 1939-2023  |7 jn19990209956  |4 aut  |4 ill 
245 1 0 |a Rostliny pro zdravý život /  |c Pavel Valíček 
250 |a 2., upr. vyd. 
260 |a Benešov :  |b Start,  |c 2014 
300 |a 230 s. :  |b il. (některé barev.) ;  |c 22 cm 
504 |a Obsahuje bibliografii a rejstříky 
650 0 7 |a léčivé rostliny  |7 ph115198  |2 czenas 
650 0 7 |a fytoterapie  |7 ph120421  |2 czenas 
650 0 9 |a medicinal plants  |2 eczenas 
650 0 9 |a phytotherapy  |2 eczenas 
655 7 |a příručky  |7 fd133209  |2 czenas 
655 9 |a handbooks and manuals  |2 eczenas 
910 2 |a BOA001  |b 2-1257.250 
990 |a BK 
995 |a 01 
991 |b 201407  |c NOV  |e n 
996 6 |b 2610595804  |c 2-1257.250  |l MZK  |r Sklad / do 1 hodiny  |n 18  |p p.v.  |w 001431948  |u 000010  |a 1  |e BOA001  |j MZK50  |s P